00374 a2200109 4500001001000000005001700010008004100027245009500068100002400163773006000187999001700247ART_4128620260410161942.0260409a 10aImpuesto a las ganancias: principales cambios y su incidencia en el salario del trabajador1 aToselli, Vanessa N.0 tTemas de derecho laboralg- NÂș 3 (mar. 2017)wREV27619 c29630d29630